Expository reflections on the Letter to the Ephesians / (Record no. 2318)
[ view plain ]
| 000 -LEADER | |
|---|---|
| fixed length control field | 00845pam a2200265 a 4500 |
| 001 - CONTROL NUMBER | |
| control field | 3556043 |
| 003 - CONTROL NUMBER IDENTIFIER | |
| control field | GBCCL |
| 005 - DATE AND TIME OF LATEST TRANSACTION | |
| control field | 20241126110426.0 |
| 008 - FIXED-LENGTH DATA ELEMENTS--GENERAL INFORMATION | |
| fixed length control field | 930630s1994 miu b 000 0 eng |
| 010 ## - | |
| -- | 93028253 |
| 020 ## - INTERNATIONAL STANDARD BOOK NUMBER | |
| International Standard Book Number | 0801063124 |
| 035 ## - SYSTEM CONTROL NUMBER | |
| System control number | (OCoLC)ocn685367027 |
| 035 ## - SYSTEM CONTROL NUMBER | |
| System control number | 3556043 |
| 040 ## - CATALOGING SOURCE | |
| Original cataloging agency | DLC |
| Transcribing agency | DLC |
| Modifying agency | DLC |
| 050 00 - | |
| -- | BS2695.3 |
| -- | .M674 1994 |
| 082 00 - DEWEY DECIMAL CLASSIFICATION NUMBER | |
| Classification number | 227.5077 |
| Edition information | 20 |
| Item number | MOR |
| 100 1# - MAIN ENTRY--PERSONAL NAME | |
| Personal name | Morris, Leon, |
| Dates associated with a name | 1914-2006. |
| 9 (RLIN) | 4795 |
| 245 10 - TITLE STATEMENT | |
| Title | Expository reflections on the Letter to the Ephesians / |
| Statement of responsibility, etc. | Leon Morris. |
| 260 ## - PUBLICATION, DISTRIBUTION, ETC. | |
| Place of publication, distribution, etc. | Grand Rapids, Mich. : |
| Name of publisher, distributor, etc. | Baker Books, |
| Date of publication, distribution, etc. | c1994. |
| 300 ## - PHYSICAL DESCRIPTION | |
| Extent | 217 p. ; |
| Dimensions | 24 cm. |
| 504 ## - BIBLIOGRAPHY, ETC. NOTE | |
| Bibliography, etc. note | Includes bibliographical references (p. 216-217). |
| 630 00 - SUBJECT ADDED ENTRY--UNIFORM TITLE | |
| Uniform title | Bible. |
| Name of part/section of a work | N.T. |
| -- | Ephesians |
| Form subdivision | Commentaries. |
| 9 (RLIN) | 4796 |
| 730 02 - | |
| -- | Bible. |
| -- | N.T. |
| -- | Ephesians. |
| -- | English. |
| -- | Morris. |
| -- | 1994. |
| -- | 4797 |
| 942 ## - ADDED ENTRY ELEMENTS (KOHA) | |
| Source of classification or shelving scheme | Dewey Decimal Classification |
| Koha item type | Books |
| Koha issues (borrowed), all copies | 13 |
| Withdrawn status | Lost status | Source of classification or shelving scheme | Damaged status | Not for loan | Home library | Current Library | Shelving location | Date acquired | Total checkouts | Total renewals | Full call number | Barcode | Date last seen | Date last checked out | Copy number | Price effective from | Koha item type |
|---|---|---|---|---|---|---|---|---|---|---|---|---|---|---|---|---|---|
| Dewey Decimal Classification | GRACE BIBLE COLLEGE | GRACE BIBLE COLLEGE | Biblical Studies | 2017-08-01 | 13 | 1 | 227.5077 MOR | 006067 | 2025-05-01 | 2024-08-02 | c.1 | 2017-08-01 | Books |